000 01151cab a2200217 i 4500
001 768714001
003 CO-MdFUSB
005 20240426103455.0
008 230503s1997 us ||||| |||| 00| 0 eng d
040 _beng
_aCO-MdFUSB
_cCO-MdFUSB
_dCO-MdFUSB
041 _aeng
100 _aAchtemeier, Elizabeth.
_eautor
245 1 _aPreaching the prophets with honor
_b: how to accurately present these overlooked books
_c/ Elizabeth Achtemeier
300 _aVolumen 18, número 4 (Fall 1997), páginas 57 - 59
_c; 27 cm.
520 _aEn las iglesias, solo una proporción mínima de las predicaciones son acerca de la literatura profética de la Biblia ¿Cómo se puede predicar correctamente acerca de los profetas? ¿Qué realmente significa ser profético? He aquí ciertas respuestas una los expertos acerca de las cuatro cualidades de los profetas, cualidades que un sermón debería predicar.
546 _aTexto en Inglés
630 0 7 _aBiblia.
_pProfetas
650 0 _954
_aPredicación
773 0 _068780
_981930
_oR2460
_tLeadership :
_w(CO-MdFUSB)768714001
_gVolumen 18, número 4 (Fall 1997), páginas 57 - 59 ;
_qpágina 57
942 _cANA
999 _c68831
_d68831